| 000 | 09896nas1a22008291i 4500 | ||
|---|---|---|---|
| 001 | RU\NLR\INFOCOMM17\1000422363 | ||
| 005 | 20240726010806.0 | ||
| 035 | _a(NLR Aleph) 002572483 | ||
| 090 |
_a3202135 _c3202135 |
||
| 100 | _a20040601b19681971|||y0rusy50 ca | ||
| 101 | 0 | _arus | |
| 102 | _aRU | ||
| 110 | _aayu||||0|y0 | ||
| 200 | 1 |
_aОбзоры по электронной технике _iСерия: Ферритовая техника _fМ-во электронной пром-сти СССР. Ин-т "Электроника" |
|
| 210 |
_aМ. _d1968-1971 |
||
| 309 | _aОтпеч.множит.аппаратом | ||
| 801 | 1 |
_aRU _bInfoComm _c20040601 |
|
| 801 | 0 |
_aRU _bNLR _gPSBO |
|
| 852 |
_aNLR _jП51/883 |
||
| 852 |
_aNLR _j68-4/15369 |
||
| 852 |
_aNLR _j68-6/8748 |
||
| 942 | _cJOURNAL | ||
| 980 | _aRUSPER | ||